000 01530cam a2200397 i 4500
001 24358
003 Mx-PuUPA
005 20250625144118.0
008 140415s1995 mx gr 001 0 spa d
020 _a9682001560
040 _cMx-PuUPA
_aMx-PuUPA
_bspa
_dMx-PuUPA
_erda
041 1 _aspa
_hfre
100 1 _aPiaget, Jean,
_d1896-1980
_eautor
_912376
240 1 0 _aLe structuralisme.
_lEspaño
245 1 3 _aEl estructuralismo /
_cJean Piaget ; traducción Publicaciones Cruz O., S.A. con la colaboración especial de Claudia A. Loeffler Berg
250 _aPrimera edición /
_ben ¿Qué Sé?
260 _a
_b
_c
264 1 _aMéxico, D.F. :
_bPublicaciones Cruz O.,
_c1995
_c©1960
300 _a116 páginas :
_c21 cm
336 _2rdacontent
_atexto
_btxt
337 _2rdamedia
_asin medio
_bn
338 _2rdacarrier
_avolumen
_bnc
490 0 _a¿Qué sé? ;
_v34
500 _aEn portada se menciona "Edición 2002". Según datos de impresión, debe ser "Reimpresión".
650 7 _2armarc
_aEstructuralismo (Filosofía)
650 7 _2armarc
_aEl todo y las partes (Filosofía)
650 7 _2armarc
_aSolución de problemas
650 7 _2armarc
_aModelos académicos
700 1 _aLoeffler Berg, Claudia A.,
_etraductor
710 1 _aPublicaciones Cruz O.,
_etraductor
765 0 _aPiaget, Jean
_tLe structuralisme
942 _2ddc
_cLI
_h149.97
_iP5718
999 _c24358
_d24358